Food safety risk analysis : (Record no. 11387)

000 -LEADER
fixed length control field 00665cam a22001937a 4500
020 ## - INTERNATIONAL STANDARD BOOK NUMBER
ISBN 9251056048
020 ## - INTERNATIONAL STANDARD BOOK NUMBER
ISBN 9789251056042
040 ## - CATALOGING SOURCE
Transcribing agency UAB
082 ## - DEWEY DECIMAL CLASSIFICATION NUMBER
Classification number 664 FOO 2006 A036 Or
245 00 - TITLE STATEMENT
Title Food safety risk analysis :
Remainder of title a guide for national food safety authorities.
260 ## - PUBLICATION, DISTRIBUTION, ETC. (IMPRINT)
Place of publication Rome :
Name of publisher World Health Organization :
-- Food and Agriculture Organization of the United Nations,
Year of publication 2006.
300 ## - PHYSICAL DESCRIPTION
Number of Pages xii, 102 p. :
Other physical details ill. ;
Dimensions 30 cm.
650 #0 - SUBJECT ADDED ENTRY--TOPICAL TERM
Topical Term Food adulteration and inspection.
650 #0 - SUBJECT ADDED ENTRY--TOPICAL TERM
Topical Term Food contamination.
650 #0 - SUBJECT ADDED ENTRY--TOPICAL TERM
Topical Term Food
710 2# - ADDED ENTRY--CORPORATE NAME
Corporate name or jurisdiction name as entry element World Health Organization.
710 2# - ADDED ENTRY--CORPORATE NAME
Corporate name or jurisdiction name as entry element Food and Agriculture Organization of the United Nations.
942 ## - ADDED ENTRY ELEMENTS (KOHA)
Koha item type សៀវភៅភាសាអង់គ្លេស
952 ## - LOCATION AND ITEM INFORMATION (KOHA)
Withdrawn status [LOCAL, KOHA] 0
Holdings
Permanent Location Date acquired Koha item type Lost status Shelving location Barcode Current Location Full call number
Library Block A2018-08-01សៀវភៅភាសាអង់គ្លេស A036A33947Library Block A664 FOO 2006 A036 Or.
មជ្ឈមណ្ឌលឯការនៃសាកលវិទ្យាល័យភូមិន្ទកសិកម្មចំការដូង

Powered by Koha